春の選抜高校野球歴代優勝校 - Statistics

General Stats
  • This quiz has been taken 846 times
    29 since last reset
  • The average score is 56 of 97
Answer Stats
学校名 % Correct
2012 大阪桐蔭
96%
2017 大阪桐蔭
96%
2018 大阪桐蔭
96%
2022 大阪桐蔭
96%
2026 大阪桐蔭
96%
1973 横浜
88%
1998 横浜
88%
2006 横浜
88%
2025 横浜
88%
1938 中京商
83%
1956 中京商
83%
1959 中京商
83%
1966 中京商
83%
1981 PL学園
83%
1982 PL学園
83%
1987 PL学園
83%
1992 帝京
83%
1999 沖縄尚学
83%
2000 東海大相模
83%
2005 愛工大名電
83%
2008 沖縄尚学
83%
2011 東海大相模
83%
2021 東海大相模
83%
1926 広陵中
79%
1962 作新学院
79%
1991 広陵
79%
1994 智弁和歌山
79%
2003 広陵
79%
2016 智弁学園
79%
1925 松山商
75%
1932 松山商
75%
1974 報徳学園
75%
2002 報徳学園
75%
1971 日大三
71%
2010 興南
71%
2014 龍谷大平安
71%
1957 早稲田実
67%
1983 池田
67%
1986 池田
67%
2013 浦和学院
67%
1924 高松商
63%
1931 広島商
63%
1933 岐阜商
63%
1935 岐阜商
63%
1940 岐阜商
63%
1960 高松商
63%
1975 高知
63%
2001 常総学院
63%
2023 山梨学院
63%
2024 健大高崎
63%
1934 東邦商
58%
1939 東邦商
58%
1941 東邦商
58%
1970 箕島
58%
1977 箕島
58%
1979 箕島
58%
1989 東邦
58%
1997 天理
58%
2015 敦賀気比
58%
2019 東邦
58%
1927 和歌山中
54%
1996 鹿児島実
54%
1937 浪華商
50%
1947 徳島商
50%
1955 浪華商
50%
1980 高知商
50%
1969 三重
46%
2004 済美
42%
1965 岡山東商
38%
1967 津久見
38%
1978 浜松商
38%
1995 観音寺中央
38%
2007 常葉菊川
38%
2009 清峰
38%
1952 静岡商
33%
1990 近大付
33%
1993 上宮
33%
1951 鳴門
29%
1988 宇和島東
29%
1954 飯田長姫
25%
1963 下関商
25%
1972 日大桜丘
25%
1976 崇徳
25%
1984 岩倉
25%
1985 伊野商
25%
1953 洲本
21%
1958 済々黌
21%
1961 法政二
21%
1964 海南
21%
1968 大宮工
21%
1928 関西学院中
17%
1948 京都一商
17%
1949 北野
17%
1950 韮山
17%
1936 愛知商
13%
1929 神港商
8%
1930 神港商
8%
No matching quizzes found
Score Distribution
Percent of People with Each Score
Percentile by Number Answered
Your Score History
You have not taken this quiz since the last reset